| 000 | 01157nam a2200253 4500 | ||
|---|---|---|---|
| 001 | 163863 | ||
| 003 | ES-MaACL | ||
| 005 | 20250809063531.0 | ||
| 008 | 950324m18981903sp |||| | spa d | ||
| 040 |
_aEUS _bspa _cEUS |
||
| 100 | 1 |
_aRohrbacher, René François, _d1789-1856 _9131992 |
|
| 245 | 1 | 0 |
_aHistoria universal de la Iglesia Católica / _cpor R.F. Rohrbacher. |
| 250 |
_a1ª ed. española con notas, disertaciones y adiciones originales _bbajo la dirección y censura del M.I.Sr.D. manuel González Peña. |
||
| 260 |
_aMadrid : _bCasa Editorial de San Francisco de Sales, _c1898-1903. |
||
| 300 |
_a5 v. ; _c25 cm. |
||
| 504 | _aReferencias bibliográficas. | ||
| 594 | _aTraductor del vol. II obtenido de la cubierta: Prudencio de Lapaza de Matiartu. | ||
| 595 | _aExiste ed. con 1904 como fecha de publicación en el vol. V. | ||
| 597 | _aVol. I (XXII, 761 p.) -- Vol. II ( 856 p.) -- Vol. III (913 p.) -- Vol. IV ( 897 p.) -- Vol. V (910 p.) | ||
| 700 | 2 | 1 |
_aGonzález Peña, Manuel, _edir. _9127424 |
| 752 |
_aEspaña - _dMadrid |
||
| 852 |
_aES-MaACL _jG-1521-1525 _z-- Enc. pasta española |
||
| 999 |
_c163863 _d163863 |
||